000 00374nam a22001457a 4500
005 20241118162654.0
008 241118b |||||||| |||| 00| 0 eng d
020 _a8127206377
050 _aQH540.
_b4 SAG
100 _aSAGWAL, S.S
245 _aMODERN DICTIONARY OF ECO-ENVIRONMENT
260 _aNEW DELHI
_bKALYANI PUBLISHERS
_cc2002
300 _a284p
942 _2lcc
_cBK
_n0
999 _c1299
_d1299